[Event "FRA-chT1 0910"]
[Site "France"]
[Date "2009.11.22"]
[Round "5.4"]
[White "Jens, Jelmer"]
[Black "Debray, Tristan"]
[Result "1-0"]
[WhiteElo "2369"]
[BlackElo "2180"]
[PlyCount "45"]
[EventDate "2009.09.27"]
[EventType "team-match"]
[EventRounds "11"]
[EventCountry "FRA"]
[SourceDate "2009.07.26"]

1. e4 d5 2. exd5 Qxd5 3. Nc3 Qd6 4. d4 Nf6 5. Nf3 Bg4 6. h3 Bh5 7. g4 Bg6 8.
Ne5 c6 9. Bg2 e6 10. h4 Na6 11. h5 Bxc2 12. Qxc2 Qxd4 13. Qe2 Bb4 14. O-O Bxc3
15. bxc3 Qxc3 16. Rb1 Nc5 17. g5 Nd5 18. Bxd5 cxd5 19. Qb5+ Ke7 20. Bb2 a6 21.
Qb6 Qd2 22. Qxc5+ Ke8 23. Bc1 1-0

[Event "FRA-chT1 0910"]
[Site "France"]
[Date "2009.11.22"]
[Round "5.5"]
[White "Plane, Boris"]
[Black "Carton, Camille"]
[Result "0-1"]
[WhiteElo "2170"]
[BlackElo "2219"]
[PlyCount "52"]
[EventDate "2009.09.27"]
[EventType "team-match"]
[EventRounds "11"]
[EventCountry "FRA"]
[SourceDate "2009.07.26"]

1. e4 e6 2. d3 d5 3. Nd2 Nf6 4. Ngf3 Nc6 5. g3 dxe4 6. dxe4 Bc5 7. Bg2 e5 8.
O-O O-O 9. c3 a5 10. a4 b6 11. Qe2 Ba6 12. Nc4 Qe7 13. h3 Ne8 14. Re1 Nd6 15.
Nfd2 Qe6 16. Bf1 f5 17. b3 fxe4 18. Nxe4 Nxe4 19. Qxe4 Bxf2+ 20. Kh2 Bxe1 21.
Qxe1 Rae8 22. Ba3 Rf6 23. Qe4 Nd8 24. Be2 Rf2+ 25. Kg1 Bb7 26. Qe3 Rg2+ 0-1

[Event "FRA-chT1 0910"]
[Site "France"]
[Date "2009.11.22"]
[Round "5.6"]
[White "Gosset, Arnaud"]
[Black "Metzger, Clement"]
[Result "1-0"]
[WhiteElo "2201"]
[BlackElo "2189"]
[PlyCount "61"]
[EventDate "2009.09.27"]
[EventType "team-match"]
[EventRounds "11"]
[EventCountry "FRA"]
[SourceDate "2009.07.26"]

1. Nf3 g6 2. c4 Bg7 3. e4 e5 4. d4 d6 5. Nc3 Nc6 6. Be3 Bg4 7. d5 Nd4 8. Be2
Nxe2 9. Qxe2 f5 10. h3 Bh5 11. exf5 gxf5 12. g4 fxg4 13. Ng5 Nf6 14. Ne6 Qd7
15. Rg1 Rg8 16. hxg4 Bf7 17. g5 Bxe6 18. dxe6 Qxe6 19. gxf6 Bxf6 20. Qh5+ Kd7
21. Qxh7+ Be7 22. O-O-O Qxc4 23. Kb1 Rae8 24. Qf5+ Qe6 25. Qe4 Kc8 26. Bxa7 Rh8
27. Qa4 Ref8 28. Be3 Kd8 29. Nd5 Rh7 30. Nxc7 Qd7 31. Ne6+ 1-0

[Event "FRA-chT1 0910"]
[Site "France"]
[Date "2009.11.22"]
[Round "5.8"]
[White "Tissot, Alice"]
[Black "Gaudron, Fanny"]
[Result "1-0"]
[WhiteElo "1856"]
[BlackElo "2046"]
[PlyCount "79"]
[EventDate "2009.09.27"]
[EventType "team-match"]
[EventRounds "11"]
[EventCountry "FRA"]
[SourceDate "2009.07.26"]

1. e4 e5 2. Nf3 Nc6 3. Bb5 a6 4. Ba4 Nf6 5. O-O Be7 6. Re1 d6 7. h3 O-O 8. c3
b5 9. Bc2 Nb8 10. d4 Nbd7 11. Nbd2 Bb7 12. Nf1 Ne8 13. Ne3 c6 14. Nf5 Bf6 15.
Nh2 g6 16. Nh6+ Kh8 17. N6g4 Bg7 18. Bh6 f5 19. exf5 gxf5 20. dxe5 Bxh6 21.
Nxh6 Qg5 22. e6 Ne5 23. Rxe5 Qxh6 24. Rxf5 Rxf5 25. Bxf5 Ng7 26. Bg4 d5 27. Qe2
Re8 28. e7 Qf6 29. Re1 Nf5 30. Bxf5 Qxf5 31. Ng4 Kg7 32. Qe3 h5 33. Qh6+ Kf7
34. Ne5+ Kg8 35. Ng6 Qf6 36. Qxh5 Kg7 37. Qh8+ Kf7 38. Qf8+ Rxf8 39. exf8=Q+
Kxg6 40. Qe8+ 1-0

[Event "FRA-chT1 0910"]
[Site "France"]
[Date "2009.11.22"]
[Round "5.1"]
[White "Delorme, Axel"]
[Black "Gharamian, Tigran"]
[Result "1/2-1/2"]
[WhiteElo "2424"]
[BlackElo "2614"]
[PlyCount "62"]
[EventDate "2009.09.27"]
[EventType "team-match"]
[EventRounds "11"]
[EventCountry "FRA"]
[SourceDate "2009.07.26"]
[WhiteTeam "Clichy"]
[BlackTeam "Cappelle"]

1. e4 c5 2. Nf3 e6 3. d4 cxd4 4. Nxd4 a6 5. Bd3 Bc5 6. Nb3 Be7 7. Qg4 Bf6 (7...
g6 {la grande mode mais Bf6 devient assez populaire depuis quelques années}) 8.
Qg3 Nc6 9. N1d2 d5 10. O-O Nge7 11. c3 (11. Re1 {Leko,P (2752)-Svidler,P (2754)
/Moscow Tal Memorial 4th 2009 (6)/1/2-1/2}) 11... O-O 12. Re1 Ne5 13. Bc2 N7g6
14. Nf3 (14. f4 $4 Bh4) 14... Bd7 15. Nbd4 Nxf3+ 16. Nxf3 dxe4 17. Bxe4 Bc6 18.
Bxc6 bxc6 19. Bg5 (19. Be3 {[%cal Ga1d1]}) 19... Bxg5 20. Qxg5 Rb8 21. b3 Qc7
22. Qg3 Qa5 23. Ne5 Nxe5 24. Qxe5 Rb5 25. Qd6 Qxc3 26. Rec1 Qb2 27. Qxc6 Rf5
28. Qb6 h5 29. a4 a5 30. Rab1 Qe5 31. b4 Rb8 {suite illisible} 1/2-1/2

[Event "FRA-chT1 0910"]
[Site "France"]
[Date "2009.11.22"]
[Round "5.2"]
[White "Winants, Luc"]
[Black "Mullon, Jean Baptiste"]
[Result "1/2-1/2"]
[WhiteElo "2536"]
[BlackElo "2437"]
[PlyCount "51"]
[EventDate "2009.09.27"]
[EventType "team-match"]
[EventRounds "11"]
[EventCountry "FRA"]
[SourceDate "2009.07.26"]
[WhiteTeam "Cappelle"]
[BlackTeam "Clichy"]

1. d4 d5 2. c4 c6 3. e3 Nf6 4. Bd3 e5 5. Nc3 e4 6. Bc2 Bd6 7. f3 O-O 8. fxe4
Nxe4 9. Nf3 Nxc3 10. bxc3 b6 11. cxd5 cxd5 12. O-O Ba6 13. Re1 f5 14. Bb3 Kh8
15. Ne5 Bc4 16. Bxc4 dxc4 17. Nf3 Nd7 18. e4 fxe4 19. Rxe4 Nf6 20. Bg5 Qd7 21.
Bxf6 Rxf6 22. Qe2 b5 23. a4 bxa4 24. Qxc4 a3 25. Qe2 Rb8 26. Qe1 1/2-1/2

[Event "FRA-chT1 0910"]
[Site "France"]
[Date "2009.11.22"]
[Round "5.5"]
[White "Pujos, Stephane"]
[Black "Marchyllie, Bruno"]
[Result "1-0"]
[WhiteElo "2301"]
[BlackElo "2156"]
[PlyCount "81"]
[EventDate "2009.09.27"]
[EventType "team-match"]
[EventRounds "11"]
[EventCountry "FRA"]
[SourceDate "2009.07.26"]

1. Nf3 b6 2. e4 Bb7 3. Nc3 e6 4. d4 Bb4 5. Bd3 Nf6 6. Qe2 d5 7. e5 Ne4 8. Bd2
Nxd2 9. Qxd2 Ba6 10. a3 Bxc3 11. Qxc3 Bxd3 12. cxd3 O-O 13. O-O Qd7 14. Rfc1
Rc8 15. b4 a5 16. h4 Qb5 17. Rcb1 axb4 18. Rxb4 Qd7 19. Rc1 Na6 20. Rbb1 h6 21.
g3 Qa4 22. Kg2 Kh7 23. h5 Qe8 24. g4 c5 25. Rxb6 cxd4 26. Qb2 Nc5 27. Qxd4 Ra4
28. Rb4 Ra5 29. Qe3 Qf8 30. Rc3 Rca8 31. g5 Qe7 32. Rg4 Ra4 33. Rg3 d4 34. Nxd4
Rxa3 35. Rxc5 Qxc5 36. Qe4+ Kh8 37. gxh6 Qd5 38. hxg7+ Kg8 39. Qxd5 exd5 40.
Nf5 Kh7 41. Ne7 1-0

[Event "FRA-chT1 0910"]
[Site "France"]
[Date "2009.11.22"]
[Round "5.6"]
[White "Platel, Alexandre"]
[Black "Daurelle, Herve"]
[Result "1/2-1/2"]
[WhiteElo "2255"]
[BlackElo "2222"]
[PlyCount "58"]
[EventDate "2009.09.27"]
[EventType "team-match"]
[EventRounds "11"]
[EventCountry "FRA"]
[SourceDate "2009.07.26"]

1. e4 e5 2. Nf3 Nc6 3. d4 exd4 4. Nxd4 Nf6 5. Nxc6 bxc6 6. e5 Qe7 7. Qe2 Nd5 8.
Nd2 g6 9. c4 Ba6 10. Ne4 Bg7 11. Bg5 Qxe5 12. Nc5 Qxe2+ 13. Bxe2 Nb4 14. O-O-O
Bc8 15. Bg4 O-O 16. Bxd7 Rb8 17. Rd2 Nxa2+ 18. Kb1 Nc3+ 19. Kc2 Ne4 20. Nxe4
Rxb2+ 21. Kc1 Rxd2 22. Kxd2 Bxd7 23. Nf6+ Bxf6 24. Bxf6 Rb8 25. Kc3 Kf8 26. Ra1
Rb7 27. Bd4 f5 28. Rxa7 Rxa7 29. Bxa7 Ke7 1/2-1/2

[Event "FRA-chT1 0910"]
[Site "France"]
[Date "2009.11.22"]
[Round "5.7"]
[White "Coste, Thierry"]
[Black "Couche, Didier"]
[Result "1-0"]
[WhiteElo "2193"]
[BlackElo "2129"]
[PlyCount "93"]
[EventDate "2009.09.27"]
[EventType "team-match"]
[EventRounds "11"]
[EventCountry "FRA"]
[SourceDate "2009.07.26"]

1. e4 e6 2. d4 d5 3. Nc3 Bb4 4. e5 c5 5. a3 Bxc3+ 6. bxc3 Qa5 7. Bd2 Qa4 8. Qb1
c4 9. h4 Nc6 10. h5 h6 11. g3 Nge7 12. Bh3 Bd7 13. Ne2 O-O-O 14. Nf4 Kb8 15.
O-O Bc8 16. Kh2 Rdg8 17. Ra2 Nd8 18. Qb4 Qxb4 19. cxb4 Bd7 20. Ng2 g6 21. Ne3
Nf5 22. c3 Nxe3 23. Bxe3 Nc6 24. a4 Ne7 25. b5 g5 26. g4 Rg7 27. Bc1 Nc8 28.
Ba3 Kc7 29. Rb1 f6 30. a5 fxe5 31. dxe5 Rf7 32. Bc5 b6 33. Be3 Be8 34. Bg2 Rhh7
35. Kg3 Rfg7 36. axb6+ axb6 37. Ra8 Kb7 38. Ra4 Na7 39. Rxc4 Rc7 40. Rbb4 Rxc4
41. Rxc4 Bxb5 42. Rb4 Ka6 43. f4 Nc6 44. Rb1 gxf4+ 45. Kxf4 Na5 46. Kg3 Nc6 47.
c4 1-0

[Event "FRA-chT1 0910"]
[Site "France"]
[Date "2009.11.22"]
[Round "5.2"]
[White "Brochet, Philippe"]
[Black "Seret, Jean Luc"]
[Result "1/2-1/2"]
[WhiteElo "2389"]
[BlackElo "2384"]
[PlyCount "99"]
[EventDate "2009.09.27"]
[EventType "team-match"]
[EventRounds "11"]
[EventCountry "FRA"]
[SourceDate "2009.07.26"]

1. e4 d6 2. d4 Nf6 3. Nc3 Nbd7 4. f4 e5 5. dxe5 dxe5 6. fxe5 Nxe5 7. Qxd8+ Kxd8
8. Nf3 Bd6 9. Bg5 c6 10. O-O-O Kc7 11. Be2 Nxf3 12. gxf3 Nh5 13. Rxd6 Kxd6 14.
Rd1+ Kc7 15. Be7 Bh3 16. f4 Nf6 17. e5 Nd7 18. Ne4 Rae8 19. Bd6+ Kc8 20. Ba3 f6
21. Nd6+ Kc7 22. Nxe8+ Rxe8 23. Bd6+ Kc8 24. Bc4 Be6 25. Bxe6 Rxe6 26. f5 Re8
27. Rg1 g6 28. exf6 Nxf6 29. fxg6 hxg6 30. h4 Re4 31. Bc5 b6 32. Bf2 Rg4 33.
Rxg4 Nxg4 34. Bg3 Kd7 35. Kd2 Ke6 36. Kd3 Ne5+ 37. Ke4 Nc4 38. b3 Na3 39. c4
Nc2 40. Bf4 Nb4 41. a3 Nc2 42. Bd2 c5 43. Bf4 Nxa3 44. Bb8 a5 45. Kd3 Kd7 46.
Bf4 b5 47. cxb5 Nxb5 48. Bd2 Kc6 49. Bxa5 Kd5 50. Bd8 1/2-1/2

[Event "FRA-chT1 0910"]
[Site "France"]
[Date "2009.11.22"]
[Round "5.5"]
[White "Desbonnes, Samy"]
[Black "Betton, Olivier"]
[Result "0-1"]
[WhiteElo "2331"]
[BlackElo "2162"]
[PlyCount "94"]
[EventDate "2009.09.27"]
[EventType "team-match"]
[EventRounds "11"]
[EventCountry "FRA"]
[SourceDate "2009.07.26"]

1. e4 c6 2. d4 d5 3. e5 Bf5 4. h4 h5 5. c4 dxc4 6. Bxc4 e6 7. Nc3 Nd7 8. Nge2
Be7 9. Ng3 Bg4 10. Be2 Bxe2 11. Qxe2 g6 12. Nge4 Nb6 13. Be3 Nh6 14. Bxh6 Rxh6
15. Rd1 Nd5 16. Qf3 Rh7 17. a3 Qb6 18. O-O O-O-O 19. Na4 Qc7 20. Nac5 Bxh4 21.
Nd6+ Rxd6 22. exd6 Qxd6 23. Rd3 Qf4 24. Qe2 Be7 25. Rb3 Nb6 26. Rd1 Bd6 27. g3
Qg5 28. Ne4 Qe7 29. Kg2 h4 30. Rh1 Nd5 31. Nxd6+ Qxd6 32. Qe5 Qe7 33. Rc1 Rh5
34. Qg7 Nf6 35. Rf3 h3+ 36. Kh1 Rf5 37. Rxf5 exf5 38. Qh8+ Kc7 39. Qxh3 Qe2 40.
Qh4 Ng4 41. Rg1 Nxf2+ 42. Kh2 Ng4+ 43. Kh1 Qe4+ 44. Rg2 Kd7 45. Qh7 Qd5 46. Kg1
Qxd4+ 47. Kh1 Qd5 0-1

[Event "FRA-chT1 0910"]
[Site "France"]
[Date "2009.11.22"]
[Round "5.6"]
[White "Roumegous, Etienne"]
[Black "Dubois, Jean Marie"]
[Result "0-1"]
[WhiteElo "2165"]
[BlackElo "2239"]
[PlyCount "64"]
[EventDate "2009.09.27"]
[EventType "team-match"]
[EventRounds "11"]
[EventCountry "FRA"]
[SourceDate "2009.07.26"]

1. d4 b6 2. c4 Bb7 3. Nc3 e6 4. Nf3 Bb4 5. Qc2 f5 6. a3 Bxc3+ 7. Qxc3 Nf6 8. g3
O-O 9. Bg2 d6 10. O-O Nbd7 11. Rd1 Qe7 12. b4 a5 13. Bb2 Ne4 14. Qc2 Ndf6 15.
Nd2 Ng4 16. Rf1 d5 17. cxd5 exd5 18. h3 Ngxf2 19. Rxf2 Nxf2 20. Kxf2 f4 21.
gxf4 axb4 22. Qb3 Rxf4+ 23. Nf3 bxa3 24. Rxa3 Re8 25. e3 Rf5 26. Ra7 Bc6 27.
Qc3 Qh4+ 28. Kg1 Rxf3 29. Bxf3 Qg3+ 30. Bg2 Rxe3 31. Rxc7 Rxc3 32. Bxc3 Qxc7
0-1

[Event "FRA-chT1 0910"]
[Site "France"]
[Date "2009.11.22"]
[Round "5.7"]
[White "Seret, Jean Renaud"]
[Black "Baumhauer, Christian"]
[Result "1-0"]
[WhiteElo "2181"]
[BlackElo "2078"]
[PlyCount "59"]
[EventDate "2009.09.27"]
[EventType "team-match"]
[EventRounds "11"]
[EventCountry "FRA"]
[SourceDate "2009.07.26"]

1. e4 c5 2. Nf3 e6 3. d4 cxd4 4. Nxd4 a6 5. Bd3 Nf6 6. Be3 Qc7 7. Nb3 b5 8. a4
Bb7 9. N1d2 Be7 10. O-O O-O 11. f4 d6 12. g4 bxa4 13. Rxa4 d5 14. e5 Nfd7 15.
Qe2 Nc6 16. c3 f6 17. exf6 Bxf6 18. g5 Be7 19. Qh5 Rf5 20. Bxf5 exf5 21. g6
hxg6 22. Qxg6 Rf8 23. Qe6+ Rf7 24. Bd4 Nxd4 25. cxd4 Nc5 26. dxc5 Bxc5+ 27.
Nxc5 Qxc5+ 28. Kg2 d4+ 29. Kg3 Qc2 30. Rxd4 1-0

[Event "FRA-chT1 0910"]
[Site "France"]
[Date "2009.11.22"]
[Round "5.3"]
[White "Cotonnec, Melkior"]
[Black "Pham Minh Hoang"]
[Result "1/2-1/2"]
[WhiteElo "2276"]
[BlackElo "2487"]
[PlyCount "66"]
[EventDate "2009.09.27"]
[EventType "team-match"]
[EventRounds "11"]
[EventCountry "FRA"]
[SourceDate "2009.07.26"]
[WhiteTeam "Issy Les Moulineaux"]
[BlackTeam "Sautron"]

1. e4 c5 2. Nf3 d6 3. d4 cxd4 4. Nxd4 Nf6 5. Nc3 a6 6. Bg5 e6 7. f4 Qc7 8. Qf3
b5 9. Bd3 Nbd7 10. O-O-O b4 11. Nce2 Bb7 12. Rhe1 ({RR} 12. Bxf6 Nxf6 13. g4
Nd7 14. h4 Nc5 15. Kb1 O-O-O 16. Nb3 Kb8 17. f5 Nxd3 18. cxd3 e5 19. Qe3 Rc8
20. Rc1 Qd8 21. Rxc8+ Bxc8 22. Rc1 Bb7 23. Ng3 h6 24. f6 gxf6 25. Nf5 a5 26. h5
Rg8 {Luther,T (2604)-Varga,P (2484)/Austria 2001/EXT 2002/1/2-1/2 (41)}) 12...
Be7 13. Kb1 Nc5 $11 14. Bxf6 Bxf6 15. Qe3 O-O 16. g4 e5 17. fxe5 Bxe5 18. Nf3
Bc8 (18... Rfe8) 19. h3 Na4 20. Ned4 Re8 21. Nxe5 dxe5 22. Nb3 Be6 $15 23. Rd2
Rec8 (23... a5 24. Bb5) 24. Red1 Nb6 25. Be2 g6 (25... Nc4 26. Bxc4 Bxc4) (
25... a5 26. h4 (26. Nc5 a4) 26... a4 $40) 26. h4 a5 27. h5 a4 28. Nc1 Nc4 29.
Bxc4 Qxc4 30. Qg5 Qc5 31. Nd3 Qc4 32. Nc1 Qc5 33. Nd3 Qc4 1/2-1/2

[Event "FRA-chT1 0910"]
[Site "France"]
[Date "2009.11.22"]
[Round "5.4"]
[White "Stephan, Jean Marie"]
[Black "Wittmann, Marc"]
[Result "1/2-1/2"]
[WhiteElo "2238"]
[BlackElo "2258"]
[PlyCount "71"]
[EventDate "2009.09.27"]
[EventType "team-match"]
[EventRounds "11"]
[EventCountry "FRA"]
[SourceDate "2009.07.26"]

1. e4 e5 2. Nf3 Nc6 3. Bb5 a6 4. Ba4 Nf6 5. O-O Nxe4 6. d4 b5 7. Bb3 d5 8. dxe5
Be6 9. Nbd2 Nc5 10. c3 Be7 11. Bc2 O-O 12. Nb3 Bg4 13. Re1 Re8 14. h3 Nxb3 15.
Bxb3 Be6 16. Nd4 Nxd4 17. cxd4 c5 18. Be3 c4 19. Bc2 g6 20. f4 f5 21. Kh2 Qd7
22. Rg1 h5 23. g4 hxg4 24. hxg4 Kf7 25. g5 Rh8+ 26. Kg3 Rh7 27. Qf3 Rah8 28.
Rh1 Bb4 29. Rxh7+ Rxh7 30. Rh1 Kg8 31. Qg2 Rxh1 32. Qxh1 Qh7 33. Qxh7+ Kxh7 34.
Kf2 Ba5 35. Ke2 Bb6 36. b4 1/2-1/2

[Event "FRA-chT1 0910"]
[Site "France"]
[Date "2009.11.22"]
[Round "5.6"]
[White "Sorin, Baptiste"]
[Black "Lavabre, Fabien"]
[Result "1-0"]
[WhiteElo "2214"]
[BlackElo "2223"]
[PlyCount "61"]
[EventDate "2009.09.27"]
[EventType "team-match"]
[EventRounds "11"]
[EventCountry "FRA"]
[SourceDate "2009.07.26"]
[WhiteTeam "Sautron"]
[BlackTeam "Issy Les Moulineaux"]

1. e4 c5 2. Nf3 d6 3. d4 cxd4 4. Nxd4 Nf6 5. Nc3 a6 6. Bg5 e6 7. f4 Qc7 8. Qf3
b5 9. O-O-O b4 10. Nce2 Bb7 11. Bxf6 gxf6 12. g4 Nd7 13. Kb1 Rc8 14. Rd2 d5 15.
Bg2 dxe4 16. Qe3 Nb6 17. Qh3 Bd5 18. Re1 Na4 19. f5 e5 20. Nb3 e3 21. Qxe3 Bxg2
22. Nf4 Bc6 23. Nh5 h6 24. Nxf6+ Ke7 25. g5 hxg5 26. Qxg5 Bh6 27. Ng8+ Kf8 28.
Nxh6 Bd5 29. f6 Ke8 30. Rxe5+ Be6 31. Nf5 1-0

[Event "FRA-chT1 0910"]
[Site "France"]
[Date "2009.11.22"]
[Round "5.7"]
[White "Geffroy, Laurent"]
[Black "Rate, Bruno"]
[Result "0-1"]
[WhiteElo "2239"]
[BlackElo "2116"]
[PlyCount "68"]
[EventDate "2009.09.27"]
[EventType "team-match"]
[EventRounds "11"]
[EventCountry "FRA"]
[SourceDate "2009.07.26"]

1. d4 d5 2. c4 e6 3. Nc3 Nf6 4. Nf3 Be7 5. Bg5 O-O 6. e3 b6 7. Rc1 Bb7 8. Bd3
Nbd7 9. O-O c5 10. cxd5 exd5 11. Qc2 h6 12. Bh4 Ne4 13. Nxd5 Ng5 14. Nxe7+ Qxe7
15. Nxg5 hxg5 16. Bg3 Rac8 17. Qd2 Rfd8 18. d5 Ne5 19. e4 f5 20. Bxe5 fxe4 21.
Bg3 exd3 22. Rfe1 Qf7 23. d6 Qd5 24. f3 Rxd6 25. Bxd6 Qxd6 26. Re3 c4 27. Rce1
Qd4 28. Kh1 Qf4 29. Qc3 Rf8 30. Re4 Bxe4 31. Qxc4+ Kh8 32. Rxe4 d2 33. Qe2 Qd6
34. Qd1 Rc8 0-1

[Event "FRA-chT1 0910"]
[Site "France"]
[Date "2009.11.22"]
[Round "5.1"]
[White "Inkiov, Ventzislav"]
[Black "Schabanel, Stephane"]
[Result "1-0"]
[WhiteElo "2472"]
[BlackElo "2246"]
[PlyCount "34"]
[EventDate "2009.09.27"]
[EventType "team-match"]
[EventRounds "11"]
[EventCountry "FRA"]
[SourceDate "2009.07.26"]
[WhiteTeam "Migne"]

1. d4 d5 2. c4 c6 3. Nf3 Nf6 4. Nc3 dxc4 5. a4 Bf5 6. Nh4 Bg4 7. h3 Bh5 8. g4
Bg6 9. Nxg6 hxg6 10. e3 Nfd7 11. Qf3 Na6 12. Bxc4 Nb4 13. Kf1 e5 14. d5 Be7 15.
Kg2 O-O 16. h4 Bc5 17. g5 Nxd5 {suite illisible} 1-0

[Event "FRA-chT1 0910"]
[Site "France"]
[Date "2009.11.22"]
[Round "5.2"]
[White "Jablonski, Noham"]
[Black "Picard, Romain"]
[Result "1-0"]
[WhiteElo "2312"]
[BlackElo "2316"]
[PlyCount "55"]
[EventDate "2009.09.27"]
[EventType "team-match"]
[EventRounds "11"]
[EventCountry "FRA"]
[SourceDate "2009.07.26"]

1. e4 e5 2. Nf3 d6 3. d4 exd4 4. Nxd4 Nf6 5. Nc3 Be7 6. g3 d5 7. e5 Ng4 8. e6
Nf6 9. exf7+ Kxf7 10. Bg2 c6 11. O-O Re8 12. Bg5 Nbd7 13. Re1 Nf8 14. Qd3 Ng6
15. Re2 Bg4 16. f3 Bd7 17. Rae1 Bc5 18. Rxe8 Bxe8 19. Kh1 Bd7 20. Na4 Qa5 21.
Nc3 Qc7 22. Bxf6 Kxf6 23. f4 Kf7 24. Nf3 Re8 25. Ng5+ Kg8 26. Bxd5+ cxd5 27.
Qxd5+ Be6 28. Rxe6 1-0

[Event "FRA-chT1 0910"]
[Site "France"]
[Date "2009.11.22"]
[Round "5.3"]
[White "Saada, Julien"]
[Black "Rabeyrin, Jean Jacques"]
[Result "0-1"]
[WhiteElo "2318"]
[BlackElo "2265"]
[PlyCount "44"]
[EventDate "2009.09.27"]
[EventType "team-match"]
[EventRounds "11"]
[EventCountry "FRA"]
[SourceDate "2009.07.26"]

1. d4 d5 2. c4 c6 3. Nf3 Nf6 4. e3 e6 5. Nbd2 c5 6. cxd5 exd5 7. b3 Nc6 8. Bb2
cxd4 9. Nxd4 Bb4 10. a3 Ba5 11. b4 Bb6 12. Nxc6 bxc6 13. Nb3 O-O 14. Be2 Ne4
15. O-O Qh4 16. g3 Qh6 17. Bf3 Bh3 18. Re1 f5 19. Bd4 Bg4 20. Ra2 Ng5 21. Bxg4
fxg4 22. Qxg4 Nf3+ 0-1

[Event "FRA-chT1 0910"]
[Site "France"]
[Date "2009.11.22"]
[Round "5.6"]
[White "Carbonnel, Pierre"]
[Black "Picard, Clement"]
[Result "0-1"]
[WhiteElo "2260"]
[BlackElo "2183"]
[PlyCount "60"]
[EventDate "2009.09.27"]
[EventType "team-match"]
[EventRounds "11"]
[EventCountry "FRA"]
[SourceDate "2009.07.26"]

1. e4 e6 2. d4 d5 3. Nc3 h6 4. a3 dxe4 5. Nxe4 Nd7 6. c4 Ngf6 7. Nc3 Be7 8. Bf4
a6 9. Nf3 b6 10. Be2 Bb7 11. O-O O-O 12. b4 Ne4 13. Qc2 Nxc3 14. Qxc3 Bd6 15.
Ne5 Qe7 16. Qg3 Kh8 17. Rfe1 a5 18. Qh3 Be4 19. Bxh6 gxh6 20. Qxh6+ Kg8 21. Bd3
Bxd3 22. Re3 Nxe5 23. dxe5 Bg6 24. f4 Bc5 25. bxc5 Qxc5 26. Rae1 Rfd8 27. f5
Bxf5 28. Kh1 Qf8 29. Rg3+ Bg6 30. Qg5 Rd4 0-1

[Event "FRA-chT1 0910"]
[Site "France"]
[Date "2009.11.22"]
[Round "5.7"]
[White "Heinis, Vincent"]
[Black "Vasilescu, Victor"]
[Result "1-0"]
[WhiteElo "2134"]
[BlackElo "2150"]
[PlyCount "59"]
[EventDate "2009.09.27"]
[EventType "team-match"]
[EventRounds "11"]
[EventCountry "FRA"]
[SourceDate "2009.07.26"]

1. d4 g6 2. c4 Bg7 3. Nc3 d6 4. Nf3 Nc6 5. d5 Ne5 6. Nxe5 Bxe5 7. Qb3 Nf6 8. h3
c6 9. dxc6 bxc6 10. Bh6 Qa5 11. g4 d5 12. Bd2 Qc5 13. Bg2 Rb8 14. Na4 Qd6 15.
Qc2 O-O 16. O-O Bxg4 17. f4 Bd4+ 18. e3 Bf5 19. Qc1 dxc4 20. exd4 Bd3 21. Rf2
Rb5 22. Nc5 Rfb8 23. Nxd3 cxd3 24. Qxc6 Qxd4 25. Bc3 Qe3 26. Re1 d2 27. Rxe3
d1=Q+ 28. Re1 Qd3 29. Rxe7 Nh5 30. Re8+ 1-0

[Event "FRA-chT1 0910"]
[Site "France"]
[Date "2009.11.22"]
[Round "5.8"]
[White "Cochet, Caroline"]
[Black "Boulan, Laura"]
[Result "0-1"]
[WhiteElo "2032"]
[BlackElo "1972"]
[PlyCount "68"]
[EventDate "2009.09.27"]
[EventType "team-match"]
[EventRounds "11"]
[EventCountry "FRA"]
[SourceDate "2009.07.26"]

1. e4 e5 2. Nf3 d6 3. d4 exd4 4. Nxd4 Nf6 5. Nc3 Be7 6. f3 O-O 7. Bc4 c6 8. O-O
b5 9. Bb3 b4 10. Na4 Bd7 11. c3 a5 12. Be3 c5 13. Ne2 Nc6 14. Nf4 Ne5 15. Nd5
c4 16. Bc2 Nxd5 17. exd5 Rb8 18. h3 Bf6 19. Bd4 Nd3 20. Bxf6 Qxf6 21. Bxd3 cxd3
22. Re1 Bxa4 23. Qxa4 bxc3 24. bxc3 Qxc3 25. Rec1 Qd2 26. Rd1 Qe3+ 27. Kh1 Rb2
28. Qa3 Qe2 29. Rg1 Re8 30. Qxa5 Qe3 31. Rae1 Re2 32. Rd1 d2 33. Qb4 Re1 34.
Qb1 Qxg1# 0-1

[Event "FRA-chT1 0910"]
[Site "France"]
[Date "2009.11.22"]
[Round "5.1"]
[White "Tranchant, Sebastien"]
[Black "David, Alberto"]
[Result "0-1"]
[WhiteElo "2232"]
[BlackElo "2591"]
[PlyCount "44"]
[EventDate "2009.09.27"]
[EventType "team-match"]
[EventRounds "11"]
[EventCountry "FRA"]
[SourceDate "2009.07.26"]
[BlackTeam "Lutece"]

1. c4 e6 2. Nc3 b6 3. e4 Bb7 4. Nge2 Nf6 5. d3 c5 6. g3 Be7 7. Bg2 d6 8. O-O
Nc6 9. h3 O-O 10. Be3 a6 11. Qd2 Rb8 12. b3 Ba8 13. d4 cxd4 14. Nxd4 Nxd4 15.
Qxd4 b5 16. cxb5 axb5 17. e5 Bxg2 18. Kxg2 dxe5 19. Qxe5 Bd6 20. Qd4 Qc7 21.
Rac1 Ba3 22. Rb1 Rfd8 0-1

[Event "FRA-chT1 0910"]
[Site "France"]
[Date "2009.11.22"]
[Round "5.2"]
[White "Shirazi, Kamran "]
[Black "Do, Huu Thi"]
[Result "1-0"]
[WhiteElo "2433"]
[BlackElo "2205"]
[PlyCount "33"]
[EventDate "2009.09.27"]
[EventType "team-match"]
[EventRounds "11"]
[EventCountry "FRA"]
[SourceDate "2009.07.26"]

1. e4 d5 2. exd5 Qxd5 3. Nc3 Qd6 4. Bc4 Nf6 5. d4 a6 6. Nge2 Qc6 7. Bb3 Qxg2 8.
Rg1 Qf3 9. Bf4 Nc6 10. Bxc7 Ne4 11. Nxe4 Qxe4 12. f3 Qh4+ 13. Bg3 Qf6 14. Qd2
g6 15. O-O-O Bg7 16. Be5 Bh6 17. Qxh6 1-0

[Event "FRA-chT1 0910"]
[Site "France"]
[Date "2009.11.22"]
[Round "5.4"]
[White "Babault, Patrice"]
[Black "Lambert, Romain"]
[Result "1/2-1/2"]
[WhiteElo "2374"]
[BlackElo "2010"]
[PlyCount "62"]
[EventDate "2009.09.27"]
[EventType "team-match"]
[EventRounds "11"]
[EventCountry "FRA"]
[SourceDate "2009.07.26"]

1. e4 c5 2. Nf3 Nc6 3. Nc3 Nf6 4. Bb5 Qc7 5. O-O Nd4 6. Re1 a6 7. Bf1 e5 8. Bc4
Be7 9. d3 h6 10. Nd2 O-O 11. Nf1 b5 12. Nd5 Nxd5 13. Bxd5 Rb8 14. Ne3 Bg5 15.
c3 Ne6 16. Nf5 Bxc1 17. Rxc1 d6 18. Qg4 Ng5 19. Re3 Bxf5 20. exf5 Qd8 21. h4
Nh7 22. Rg3 Qf6 23. Re1 Rfe8 24. Kh2 Nf8 25. Qh5 Re7 26. Rf3 Nh7 27. Re4 Kh8
28. Qg4 Nf8 29. Qh5 Nh7 30. Qg4 Nf8 31. Qh5 Nh7 1/2-1/2

[Event "FRA-chT1 0910"]
[Site "France"]
[Date "2009.11.22"]
[Round "5.6"]
[White "Lamorelle, Julien"]
[Black "Vedel, Nicolas"]
[Result "1-0"]
[WhiteElo "2221"]
[BlackElo "1896"]
[PlyCount "37"]
[EventDate "2009.09.27"]
[EventType "team-match"]
[EventRounds "11"]
[EventCountry "FRA"]
[SourceDate "2009.07.26"]

1. e4 c5 2. Nf3 d6 3. d4 cxd4 4. Nxd4 Nf6 5. Nc3 g6 6. Be3 Bg7 7. f3 Nc6 8. Qd2
O-O 9. O-O-O d5 10. Kb1 dxe4 11. Nxc6 Qxd2 12. Nxe7+ Kh8 13. Rxd2 exf3 14. Nxc8
Rfxc8 15. gxf3 Re8 16. Bg5 a6 17. Bc4 Kg8 18. Nd5 Nxd5 19. Bxd5 1-0